Komunikačné schopnosti vysokoškolského učiteľa

Analýza aspektov komunikačných schopností vysokoškolského učiteľa, ktoré vplývajú na kvalitu jeho pedagogickej činnosti.

Salvato in:
Dettagli Bibliografici
Autore principale: Krnáčová, Paulína, 1983-
Natura: Capitolo di libro
Lingua:slovacco
Soggetti:
Tags: Aggiungi Tag
Nessun Tag, puoi essere il primo ad aggiungerne!!

MARC

LEADER 00000naa a2200000 4500
001 0128723
005 20240502072457.3
041 0 |a slo 
044 |a SK 
245 1 0 |a Komunikačné schopnosti vysokoškolského učiteľa  |c Paulína Krnáčová 
520 |a Analýza aspektov komunikačných schopností vysokoškolského učiteľa, ktoré vplývajú na kvalitu jeho pedagogickej činnosti. 
610 2 0 |a komunikácia 
610 2 0 |a študenti 
610 2 0 |a školy vysoké 
610 2 0 |a výučba vedecká 
610 2 0 |a učitelia 
100 1 |a Krnáčová, Paulína, 1983-